banner-ar

الموسوعة العربية الميسرة / (Record no. 59698)

MARC details
000 -الفاتح
حقل البيانات ثابتة الطول 00571nam a2200181Ia 4500
005 - وقت وتاريخ اخر تعامل مع التسجيلة
رقم الضبط 20240530110324.0
008 - عناصر البيانات ثابتة الطول - معلومات عامة
حقل البيانات ثابتة الطول 140319s9999 xx 000 0 ara d
040 ## - مصدر الفهرسة
وكالة الفهرسة الأصلية GCL /
وكالة النسخ GCL
082 04 - رقم تصنيف ديوى العشرى
رقم التصنيف 031
رقم المادة م/م م
100 1# - المدخل الرئيسى - إسم شخصى
الإسم الشخصى محمد شفيق غربال
245 10 - بيان العنوان
العنوان الموسوعة العربية الميسرة /
بيان المسئوليه,etc محمد شفيق غربال
260 ## - PUBLICATION, DISTRIBUTION, ETC. (IMPRINT)
تاريخ النشر أو التوزيع 1995
300 ## - الوصف المادى
التعداد 2 مج ؛
أبعاد الوعاء 30 سم
650 04 - المدخل الاضافى بالموضوع-مصطلح موضوعى
مصطلح موضوعي دوائر المعارف
650 04 - المدخل الاضافى بالموضوع-مصطلح موضوعى
مصطلح موضوعي دوائر المعارف العربية
942 ## - عناصر المدخل الإضافي( كوها)
مصدر التصنيف او مخطط الترفيف Dewey Decimal Classification
Koha [default] item type المراجع
260 ## - PUBLICATION, DISTRIBUTION, ETC. (IMPRINT)
-- بيروت :
-- دار الجيل ،
Holdings
حالة التراجع حالة الفقد مصدر التصنيف او خطة الترفيف حالة تلف ليس للاعارة المكان المؤقت الموقع الحالى تاريخ الاكتساب اجمالي اﻻعارات الفرع الرئيسي رقم الطلب الباركود تاريخ اخر مشاهدة تاريخ تفعيل السعر نوع وعاء كوها
    ddc     مكتبة القاهرة الكبرى مكتبة القاهرة الكبرى 03/26/2014   31 031 م/م م 158237 03/26/2014 05/30/2024 المراجع
          مكتبة القاهرة الكبرى مكتبة القاهرة الكبرى 03/26/2014   31 031 م/م م 158238 03/26/2014   المراجع
    ddc     مكتبة القاهرة الكبرى مكتبة القاهرة الكبرى 03/26/2014   31 031 م/م م 158239 03/26/2014 05/30/2024 المراجع
    ddc     مكتبة القاهرة الكبرى مكتبة القاهرة الكبرى 03/26/2014   31 031 م/م م 158240 03/26/2014   المراجع
    ddc     مكتبة القاهرة الكبرى مكتبة القاهرة الكبرى 05/21/2014     031 م/م م 158644 05/21/2014 05/21/2014 المراجع

Powered By

EGPV